01049nam a2200217 a 4500001000900000005001700009008004100026020001500067050002100082245010200103260005500205300003900260440003800299500027000337500005000607504003100657650004300688650005000731700002100781700002900802BRCA_68320190320203114.0060609s2006 paua---##b---#000-0#eng-# a0876332505 4aN6502b.A78 200610aThe Arts in Latin America, 1492-1820corganized by Joseph J. Rishel with Suzanne Stratton-Pruitt. aPhiladelphia, PAbPhiladelphia Museum of Artc2006 axxiii, 568 p.bil. a colorc32 cm. 0aPhiladelphia Museum of Art Series aCatálogo de la exposición realizada en the Philadelphia Museum of Art, 20 septiembre - 31 diciembre, 2006, en el Antiguo Colegio de San Ildefonso (Ciudad de México), 3 febrero - 6 mayo, 2007 y en Los Angeles County Museum of Art, 10 junio - 3 septiembre, 2007 a2do. ejemplar en el Área de Investigación aBibliografía: p. 536-56314aArte en América LatinavExposiciones14aArte colonialvExposicioneszAmérica Latina1 aRishel, Joseph J1 aStratton-Pruitt, Suzanne